"Tetszik nekem a magyar virtus"

Bibliographic Details
Main Authors: Bőd, Titanilla, 1983- (Author, Interviewer), Asanović, Aljoša, 1965- (Author)
Format: Article
Language:Hungarian
PhysicalDescription:Fotogr.
ISSN:1335-7050
Subjects:

MARC

LEADER 00000nab a2200000 a 4500
001 vtls010630884
003 SK-MaSNL
005 20260318122324.0
008 141027c20141024xo d| | 000 0|2hun
015 |a SNBRB2014/10 
038 |a DSZK 
040 |a DSZK  |b slo  |c DSZK  |e AACR2 
041 0 |a hun 
044 |a xo  |c SK 
080 |a 796.332.071.42  |2 2001 
100 1 |a Bőd, Titanilla,  |d 1983-  |4 ivr  |4 aut  |9 118485 
245 1 0 |a "Tetszik nekem a magyar virtus"  |c Bőd Titanilla, Aljosa Asanović 
300 |b Fotogr. 
600 1 7 |a Asanović, Aljoša,  |d 1965-  |2 dszk  |9 1094380 
610 2 7 |a FK DAC 1904 Dunajská Streda.  |b Technický riaditeľ  |2 dszk  |9 1094381 
650 0 7 |a futbaloví funkcionári  |2 dszk  |9 1072742 
651 7 |a Dunajská Streda (Slovensko)  |2 SNKPHgeo  |9 17375 
700 1 |a Asanović, Aljoša,  |d 1965-  |4 ive  |4 aut  |9 1094380 
773 0 |t Új szó  |g Évf. 67, sz. 245 (2014.10.24), o. 17  |x 1335-7050 
852 |a DSZK  |b KIS3GCP 
958 |a HU 
958 |a SK 
999 |c 3203113  |d 3205043